Mujeres, trabajo y pobreza /
Furkejuvvon:
| Váldodahkki: | |
|---|---|
| Materiálatiipa: | Texto |
| Giella: | Spanish |
| Almmustuhtton: |
Quito:
CONAMU. FLACSO. UNFPA. UNIFEM
|
| Fáddágilkorat: |
Lasit fáddágilkoriid
Eai fáddágilkorat, Lasit vuosttaš fáddágilkora!
|
MARC
| LEADER | 00000 a a2200000 04500 | ||
|---|---|---|---|
| 001 | 34715 | ||
| 003 | cru CIDCACS/IIS | ||
| 005 | 20170908144947.0 | ||
| 008 | 170908b xxu||||| |||| 00| 0 spa d | ||
| 999 | |c 15377 |d 15377 | ||
| 020 | |a 9978-67-103-X | ||
| 040 | |c CIDCACS/IIS | ||
| 090 | |a 05.03.03 P949 m | ||
| 100 | 1 | |a Vásconez, Alison |9 5574 | |
| 245 | |a Mujeres, trabajo y pobreza / |c Alison Vásconez | ||
| 260 | |a Quito: |b CONAMU. FLACSO. UNFPA. UNIFEM | ||
| 300 | |a Páginas 249-313 | ||
| 942 | |2 ddc |c LI | ||
| 773 | 0 | |0 40419 |9 1309 |a Prieto, Mercedes |d Quito: CONAMU. FLACSO. UNFPA. UNIFEM |o 02477 |t Mujeres ecuatorianas: |w (cru CIDCACS/IIS)34716 |z 9978-67-103-X | |



